Statistics for Docklands Light Railway

Click here to take the quiz!

General Stats

  • This quiz has been taken 318 times
  • The average score is 26 of 45

Answer Stats

DLR% Correct
Canary Wharf
94%
Bank
87%
Stratford
85%
Greenwich
81%
Mudchute
75%
Lewisham
74%
Tower Gateway
73%
Poplar
70%
Beckton
68%
Canning Town
68%
Limehouse
68%
Shadwell
68%
Island Gardens
67%
King George V
67%
West India Quay
66%
Woolwich Arsenal
66%
East India
63%
Stratford International
63%
Cutty Sark for Maritime Greenwich
61%
London City Airport
60%
Heron Quays
57%
Custom House for ExCeL
55%
Stratford High Street
55%
Abbey Road
54%
Pudding Mill Lane
53%
West Ham
52%
Bow Church
51%
Cyprus
49%
Royal Victoria
49%
Westferry
47%
South Quay
46%
Blackwall
45%
Royal Albert
44%
Deptford Bridge
43%
Elverson Road
43%
Crossharbour
42%
All Saints
41%
Pontoon Dock
41%
Star Lane
41%
Beckton Park
38%
Gallions Reach
38%
Langdon Park
37%
Prince Regent
37%
West Silvertown
37%
Devons Road
35%

Score Distribution

Percentile by Number Answered

Percent of People with Each Score

Your Score History

You have not taken this quiz